000 00394nam a2200133Ia 4500
008 100328s9999 xx 000 0 und d
082 _b57017
100 _aवैद्य पु.ग.
245 _aसोडवूया गणिते
260 _bनीहारा
630 _aसोडवूया गणिते
730 _aसोडवूया गणिते
942 _cBOOK
999 _c543500
_d543497